The international dictionary of 20th century biography / (Record no. 136305)

MARC details
000 -LEADER
fixed length control field 00707nam a22002177a 4500
010 ## - LIBRARY OF CONGRESS CONTROL NUMBER
LC control number A-379617
020 ## - INTERNATIONAL STANDARD BOOK NUMBER
International Standard Book Number 0283995475
035 ## - SYSTEM CONTROL NUMBER
System control number A-379617
037 ## - SOURCE OF ACQUISITION
Source of stock number/acquisition Cen Lib / Ret
040 ## - CATALOGING SOURCE
Original cataloging agency DPL
Language of cataloging EN
082 ## - DEWEY DECIMAL CLASSIFICATION NUMBER
Classification number 920
Item number VER
100 ## - MAIN ENTRY--PERSONAL NAME
Personal name Vernof, Edward
9 (RLIN) 141380
245 ## - TITLE STATEMENT
Title The international dictionary of 20th century biography /
Statement of responsibility, etc by Edward Vernoff [and] Rima Shore
260 ## - PUBLICATION, DISTRIBUTION, ETC. (IMPRINT)
Place of publication, distribution, etc London
Name of publisher, distributor, etc Sidgwick & Jackson
Date of publication, distribution, etc 1987
270 ## - ADDRESS
Address 1 Tavistock Chambers Bloomsbury way
City London
300 ## - PHYSICAL DESCRIPTION
Extent 819p ;
Dimensions 27cm(Hb)
650 ## - SUBJECT ADDED ENTRY--TOPICAL TERM
Topical term or geographic name as entry element Biography -- 20th century.
9 (RLIN) 95396
650 ## - SUBJECT ADDED ENTRY--TOPICAL TERM
Topical term or geographic name as entry element Persons - Biographies - Collections
9 (RLIN) 141381
700 ## - ADDED ENTRY--PERSONAL NAME
Personal name Shore, Rima
9 (RLIN) 141382
942 ## - ADDED ENTRY ELEMENTS (KOHA)
Source of classification or shelving scheme Dewey Decimal Classification
Koha item type English Books
Classification part 920
Call number suffix VER
Holdings
Withdrawn status Lost status Damaged status Not for loan Home library Current library Date acquired Source of acquisition Total Checkouts Full call number Barcode Date last seen Copy number Price effective from Koha item type
        Central Library Central Library 19/03/2016 Cen Lib/Ret   920 VER A-379617 19/03/2016 1 19/03/2016 English Books

© Delhi Public Library
Hit Counter
free hit counter